000 02124nam0a2200445 4500
001 RU\NLR\BIBL_A\022276410
005 20260420012039.0
010 _a978-5-7429-1592-8
_9500
021 _aRU
_bКН-П-24-030836
_9КН-П-24-3119
035 _a(NLR Aleph) 022276410
090 _a13660471
_c13660471
100 _a20240711d2024 k y0rusy50 ca
101 0 _arus
102 _aRU
105 _aa w 000zy
181 0 _ai
_baxxe
182 0 _an
200 1 _aВоскрешение Лазаря и Вход Господень в Иерусалим
_aПасха – Воскресение Христово
_fП. Ю. Малков
_gПравославный Свято-Тихоновский гуманитарный университет
203 _aТекст
_bвизуальный
_cнепосредственный
210 _aМосква
_cПСТГУ
_d2024
215 _a286, [1] с.
_cпортр.
_d21
225 1 _aСвятые отцы о церковных праздниках
300 _aВ конце кн. авт.: П. Ю. Малков – канд. богословия
320 _aБиблиогр.: с. 146–148, 283–286
606 1 _aПроповеди раннехристианские
_jСборники
_92470030
_3RU\NLR\AUTH\661467093
606 1 _aПраздники христианские
_jСборники
_91307299
_3RU\NLR\AUTH\66225064
606 1 _aПатристика
_jСборники
_92291912
_3RU\NLR\AUTH\661372588
686 2 _aЭ37-52я43
686 2 _aЭ371-462.255.2я43
686 2 _aЭ37-4я43
700 1 _aМалков
_bП. Ю.
_f1971-
_gПетр Юрьевич
702 0 _4280
_7ca
_8rus
_aЛазарь Четверодневный
_cсвятой
_f1 в.
_9100354
_3RU\NLR\AUTH\77117429
702 0 _4280
_7ca
_8rus
_aИисус Христос
_9119452
_3RU\NLR\AUTH\779638
942 _cBOOK
980 _aNB